00927nam a22002657a 450000500170000001000130001702000110003003500130004103700160005404000120007008200130008210000230009524501070011825000110022526000510023627000600028730000290034750000200037665000400039665000230043670000250045994200220048499900190050695201360052520170124110003.0 aA-459675 c350.00 aA-459675 bCen Lib/Ret aDPLbEN a345bSET aSethi, R.B.989285 aPrevention of corruption act,1988 (Act 49 of 1988) and accomplice /cby R.B. Sethi [and] R.L. Anand's  a7th ed aAllahabadbThe Law Book Company (P) Ltd.c1990 aSardar Patel Marg, Post Box No.1-004bAllahabade211001 axlviii,716p. :b24cm(Hb) aIncludes index. aPrevention of Corruption Act989286 aCriminal Law95474 aAnand's, R.L.916255 2ddccENh345kSET c125996d125996 00104070aLbLd2015-06-24eCen Lib/Retg350.00l1o345 SETpA-459675r2018-09-11 00:00:00s2018-08-24t1v350.00w2015-06-24yEN